00910cam a2200277 a 45000010008000000030005000080050017000130080041000300100017000710200015000880400018001030430012001210500018001330820025001511000031001762450051002072500017002582600035002753000035003105040041003456000032003866500045004186500046004636510038005098560085005473400514Nust20170314153541.0890206s1989 mauc b 001 0beng  a 89042586  a080707005X aDLCcDLCdDLC ae-ur---00aDK268.S8bULA00a947.084/2/092aB2201 aUlam, Adam B.,d1922-2000.10aStalin :bthe man and his era /cAdam B. Ulam. aExpanded ed. aBoston :bBeacon Press,c1989. axxv, 760 p. :bport. ;c23 cm. aIncludes bibliographical references.10aStalin, Joseph,d1878-1953. 0aHeads of statezSoviet UnionxBiography. 0aRevolutionarieszSoviet UnionxBiography. 0aSoviet UnionxHistoryy1925-1953.423Publisher descriptionuhttp://www.loc.gov/catdir/description/hm031/89042586.html